[Event "28. Friedensfest-Open (AFRO-A)"]
[Site "Augsburg"]
[Date "2023.08.03"]
[Round "2.1"]
[White "Brem, Stephan"]
[Black "Hoefelsauer, Thomas"]
[Result "0-1"]
[WhiteElo "2040"]
[BlackElo "2367"]
[EventDate "2023.08.03"]
[Time "15:30:00"]
[WhiteTeam "Schachklub Muenchen Suedost e.V."]
[BlackTeam "Schachklub Muenchen Suedost e.V."]

1.Nc3 d5 2.d4 Nf6 3.Bf4 Bf5 4.Nf3 e6 5.e3 Be7 6.Bd3 Bxd3 7.cxd3 c6 8.O-O 
O-O 9.a3 Nbd7 10.e4 Nb6 11.b4 a5 12.bxa5 dxe4 13.dxe4 Nc4 14.Qe2 Nxa3 15.
Bd2 Rxa5 16.Rfd1 Ra8 17.Bg5 Re8 18.Bxf6 Bxf6 19.Qb2 Qa5 20.e5 Be7 21.g3 b5
22.Ne4 Qb4 23.Qc1 Nc4 24.Rb1 Qa3 25.Qf4 h6 26.g4 Nb6 27.g5 h5 28.Nf6+ Bxf6
29.gxf6 Nd5 30.Qg5 g6 31.Qh6 Qf8 32.Qd2 Ra3 33.Nh4 Kh7 34.Qc1 Nc3 35.Qc2 
Nxd1 36.Rxd1 Rc8 37.Kh1 Qh6 38.Rg1 Rca8 39.Nxg6 fxg6 40.f7 Ra1 41.f8=N+ 
Kg8 0-1

[Event "28. Friedensfest-Open (AFRO-A)"]
[Site "Augsburg"]
[Date "2023.08.04"]
[Round "4.11"]
[White "Brem, Stephan"]
[Black "Vuckovic, Robert"]
[Result "0-1"]
[WhiteElo "2040"]
[BlackElo "1906"]
[EventDate "2023.08.03"]
[Time "15:30:00"]
[WhiteTeam "Schachklub Muenchen Suedost e.V."]
[BlackTeam "Schachfreunde Augsburg"]

1.Nc3 d5 2.d4 Bf5 3.f3 Nf6 4.g4 Bg6 5.g5 Ng8 6.e4 e6 7.Be3 Be7 8.Qd2 h6 9.
Nh3 hxg5 10.Nxg5 c5 11.h4 cxd4 12.Qxd4 Nc6 13.Bb5 a6 14.Bxc6+ bxc6 15.Qa4 
Qd7 16.exd5 cxd5 17.Qxd7+ Kxd7 18.O-O-O Rc8 19.f4 Nf6 20.Nf3 Bh5 21.Ne5+ 
Ke8 22.Rdg1 g6 23.Bd4 Bc5 24.Bxc5 Rxc5 25.Rh2 Ke7 26.Rd2 Rb8 27.Rd4 Nd7 
28.Na4 Rc7 29.b3 Nxe5 30.fxe5 Bf3 31.Kd2 Rh8 32.Rf4 Be4 33.c4 Rh5 34.Rgf1 
Ke8 35.cxd5 exd5 36.Rf6 Rxe5 37.Rxa6 d4 38.Nb6 Re6 39.Ra8+ Bxa8 0-1

[Event "28. Friedensfest-Open (AFRO-A)"]
[Site "Augsburg"]
[Date "2023.08.04"]
[Round "3.23"]
[White "Sieber, Heiko"]
[Black "Schwan, Aaron"]
[Result "0-1"]
[WhiteElo "1982"]
[BlackElo "1834"]
[EventDate "2023.08.03"]
[Time "09:30:00"]
[WhiteTeam "PTSV SK Hof 1892"]
[BlackTeam "SK Tarrasch 1945 Muenchen"]

1.b3 g6 2.Bb2 Nf6 3.g3 Bg7 4.Bg2 d6 5.c4 O-O 6.Nf3 e5 7.Nc3 Nc6 8.O-O Nh5 
9.e3 f5 10.d4 e4 11.Ne1 Nf6 12.f3 Bh6 13.f4 g5 14.d5 Ne7 15.Qd2 Bd7 16.Rd1
gxf4 17.exf4 Qe8 18.Nc2 Qh5 19.Ne3 a6 20.a4 Bg7 21.h3 Qg6 22.Kh2 Kf7 23.
Rg1 Rh8 24.Bf1 Rag8 25.Be2 Bh6 26.Rdf1 Rg7 27.Qd1 Ke8 28.Nb1 Rhg8 29.Bc3 
Qf7 30.a5 Ng6 31.b4 Nxf4 32.Bd4 Nxe2 33.Qxe2 f4 34.gxf4 Rxg1 35.Rxg1 Bxf4+
36.Kh1 Rxg1+ 37.Kxg1 Qg6+ 38.Ng2 Nh5 39.Nc3 Ng3 40.Qf2 Bh6 41.Kh2 Nh5 42.
Qh4 Bf5 43.b5 Bg5 44.Qf2 Bf6 45.Nh4 Bxd4 46.Qxd4 Qg3+ 47.Kh1 Qxh3+ 48.Kg1 
Qxh4 49.Ne2 Qe1+ 50.Kh2 Qxe2+ 0-1

[Event "28. Friedensfest-Open (AFRO-A)"]
[Site "Augsburg"]
[Date "2023.08.05"]
[Round "6.11"]
[White "Brem, Stephan"]
[Black "Berlizov, Stanislaw"]
[Result "1-0"]
[WhiteElo "2040"]
[BlackElo "1764"]
[EventDate "2023.08.03"]
[Time "15:30:00"]
[WhiteTeam "Schachklub Muenchen Suedost e.V."]
[BlackTeam "SC 1947 Beilngries"]

1.b3 d5 2.Bb2 Bg4 3.h3 Bh5 4.g4 Bg6 5.Bg2 e6 6.Nf3 Nd7 7.e3 h6 8.d3 Ngf6 
9.Qe2 c6 10.Nbd2 Qa5 11.a3 Bd6 12.Nh4 Bh7 13.b4 Qc7 14.c4 Ne5 15.Bxe5 Bxe5
16.d4 Bd6 17.c5 Be7 18.O-O a5 19.f4 g5 20.fxg5 hxg5 21.Nhf3 O-O-O 22.Ne5 
Rdf8 23.b5 cxb5 24.Qxb5 Ne4 25.Nxe4 Bxe4 26.c6 bxc6 27.Nxc6 Qg3 28.Nxe7+ 
Kd8 29.Nc6+ Kc7 30.Qxa5+ Kc8 31.Na7+ Kd7 32.Qb5+ Kd8 33.Qb6+ Ke8 34.Qc6+ 
Kd8 35.Qc8+ Ke7 36.Qc5+ Ke8 37.Qb5+ Kd8 38.Nc6+ Kc7 39.Qa5+ Kc8 40.Qa8+ 
Kc7 41.Qa7+ Kc8 42.Qb8+ Qxb8 43.Nxb8 Bxg2 44.Kxg2 Kxb8 45.Rf6 Rc8 46.Rxf7 
Rc2+ 47.Kg3 Re2 48.Rb1+ Ka8 49.Rb3 Re1 50.Rg7 Rh1 51.Rxg5 R8xh3+ 52.Kf4 
Rf1+ 53.Ke5 Rh6 54.Rg8+ Ka7 55.Rg7+ Ka8 56.Re7 Rhf6 57.Rb6 R1f3 58.Rbxe6 
1-0

[Event "28. Friedensfest-Open (AFRO-A)"]
[Site "Augsburg"]
[Date "2023.08.03"]
[Round "1.10"]
[White "Notz, Lukas"]
[Black "Trapp, Robert"]
[Result "1/2-1/2"]
[WhiteElo "1936"]
[BlackElo "2089"]
[EventDate "2023.08.03"]
[Time "09:30:00"]
[WhiteTeam "SV Dettingen Erms"]
[BlackTeam "SK Freising"]

1.c4 f5 2.g3 Nf6 3.Bg2 e6 4.Nc3 d5 5.cxd5 exd5 6.d4 c6 7.Nf3 Bd6 8.Bg5 O-O
9.a3 Qe8 10.Qc1 Ne4 11.Bf4 Bxf4 12.gxf4 Nd7 13.e3 a5 14.Ne5 Nxe5 15.Bxe4 
Ng6 16.Bf3 Nxf4 17.Qc2 Ne6 18.O-O-O Ng5 19.Qe2 Ne4 20.Rhg1 Nxc3 21.bxc3 
Qe7 22.Qa2 Be6 23.Rde1 b5 24.Rg2 Kh8 25.Reg1 Rg8 26.a4 b4 27.c4 dxc4 28.
Bxc6 Rad8 29.f3 b3 30.Qb2 Bd5 31.Bxd5 Qxe3+ 32.Qd2 Qxd2+ 33.Kxd2 Rxd5 34.
Kc3 Rd7 35.Re1 Rb8 36.Re5 g6 37.Rxa5 Rdb7 38.Rb2 Rb4 39.Rb5 1/2-1/2

[Event "28. Friedensfest-Open (AFRO-A)"]
[Site "Augsburg"]
[Date "2023.08.03"]
[Round "1.27"]
[White "Buth, Phillip"]
[Black "Holzmayr, Norbert"]
[Result "1-0"]
[WhiteElo "1669"]
[BlackElo "1820"]
[EventDate "2023.08.03"]
[Time "09:30:00"]
[WhiteTeam "SV Weingarten"]
[BlackTeam "SV Ilmmünster"]

1.c4 f5 2.Nc3 Nf6 3.d3 Nc6 4.g3 e5 5.Bg2 Bc5 6.e4 d6 7.Be3 Nd4 8.Nge2 c6 
9.O-O Ng4 10.Bxd4 exd4 11.Na4 O-O 12.Nxc5 dxc5 13.h3 Nh6 14.e5 f4 15.Nxf4 
Rxf4 16.gxf4 Qh4 17.Qf3 Be6 18.Qg3 Qh5 19.Qg5 Qf7 20.Rfe1 Nf5 21.Be4 h6 
22.Qg4 Kh8 23.Rab1 g5 24.fxg5 Rg8 25.f4 hxg5 26.fxg5 Qe7 27.h4 Ng7 28.Qe2 
b5 29.b3 Qd7 30.Rf1 Bg4 31.Rf6 Re8 32.Rh6+ Kg8 33.Bh7+ Kf7 34.Qf2+ Nf5 35.
Bxf5 Bxf5 36.Rf6+ Ke7 37.Qxf5 Qxf5 38.Rxf5 Rh8 1-0

[Event "28. Friedensfest-Open (AFRO-A)"]
[Site "Augsburg"]
[Date "2023.08.04"]
[Round "3.24"]
[White "Notz, Lukas"]
[Black "Hofbauer, Bernhard"]
[Result "1-0"]
[WhiteElo "1936"]
[BlackElo "1954"]
[EventDate "2023.08.03"]
[Time "09:30:00"]
[WhiteTeam "SV Dettingen Erms"]
[BlackTeam "SK Tarrasch 1945 Muenchen"]

1.c4 b6 2.Nc3 e6 3.e4 Bb7 4.g3 Bb4 5.Nge2 f5 6.Bg2 h5 7.O-O Nc6 8.exf5 Qf6
9.fxe6 dxe6 10.Qa4 Ne7 11.d4 Bxc3 12.bxc3 O-O 13.h4 Qf7 14.Bg5 Na5 15.Bxb7
Nxb7 16.Nf4 Ng6 17.Rae1 Nxf4 18.Bxf4 c5 19.Re5 Rfd8 20.Rg5 Rd7 21.Be5 Qe8 
22.Qd1 cxd4 23.cxd4 Na5 24.Qe2 Rc8 25.Rc1 Nc6 26.Rxh5 Nxd4 27.Bxd4 Rxd4 
28.Re5 Rc6 29.Re1 Rdxc4 30.Rxe6 Rxe6 31.Qxc4 Kf7 32.Kf1 b5 33.Qf4+ Kg8 34.
Rxe6 Qxe6 35.Qb8+ Kh7 36.Qxa7 Qe4 37.a3 Qh1+ 38.Ke2 Qe4+ 39.Qe3 Qc2+ 40.
Kf3 Qb2 41.Qe4+ Kg8 42.Qe8+ Kh7 43.Qh5+ Kg8 44.Qc5 Qf6+ 45.Ke4 Kh8 46.Qc8+
1-0

[Event "28. Friedensfest-Open (AFRO-A)"]
[Site "Augsburg"]
[Date "2023.08.05"]
[Round "5.35"]
[White "Schoenwetter, Martin"]
[Black "Brand, Leonhard"]
[Result "0-1"]
[WhiteElo "1737"]
[BlackElo "1781"]
[EventDate "2023.08.03"]
[Time "09:30:00"]
[WhiteTeam "Schachges. Augsburg 1873"]
[BlackTeam "SK Freising"]

1.c4 c6 2.Nf3 d5 3.e3 Nf6 4.Nc3 Bf5 5.d4 e6 6.h3 Nbd7 7.Nh4 Be4 8.Nxe4 
Nxe4 9.Nf3 Bb4+ 10.Bd2 Nxd2 11.Nxd2 Nf6 12.a3 Bd6 13.Bd3 O-O 14.O-O Qe7 
15.c5 Bc7 16.f4 b6 17.b4 a5 18.Qc2 Rfb8 19.Nf3 b5 20.Ne5 Qe8 21.Kh2 g6 22.
Rg1 Ra7 23.Ra2 Nh5 24.g4 Ng7 25.g5 Bxe5 26.fxe5 Rba8 27.Rb2 Nf5 28.Bxf5 
exf5 29.h4 axb4 30.axb4 Ra4 31.Kg3 R8a7 32.Kf4 Qa8 33.h5 Ra2 34.Rg2 Ra1 
35.h6 Kf8 36.Rb1 Rxb1 37.Qxb1 Ra1 38.Qb2 Qa4 39.Rc2 Ke7 40.Qc3 Rb1 41.Qd2 
Qa1 42.Qe2 Rf1+ 43.Kg3 Rg1+ 44.Kf3 Rxg5 45.Qh2 Qf1+ 46.Rf2 Qd1+ 47.Re2 Rh5
48.Qg2 g5 49.Kf2 Qh1 50.Qxh1 Rxh1 51.Kg2 Ra1 52.Kf3 Ra4 53.Rg2 f6 54.exf6+
Kxf6 55.Rb2 Kg6 56.Rb1 Kxh6 57.Rb2 Kg6 58.Rb1 h5 59.Rb2 Kf6 60.Rb1 h4 61.
Rb2 g4+ 62.Kg2 Kg5 0-1

[Event "28. Friedensfest-Open (AFRO-A)"]
[Site "Augsburg"]
[Date "2023.08.04"]
[Round "3.17"]
[White "Hoeller, Armin"]
[Black "Duong, Quang Bach"]
[Result "0-1"]
[WhiteElo "1985"]
[BlackElo "1658"]
[EventDate "2023.08.03"]
[Time "09:30:00"]
[WhiteTeam "SK Weilheim e.V."]
[BlackTeam "Schachfreunde Augsburg"]

1.c4 c6 2.g3 d5 3.Nf3 Nf6 4.Bg2 dxc4 5.Na3 b5 6.b3 cxb3 7.axb3 Bb7 8.Bb2 
e6 9.O-O Be7 10.Ne5 Qb6 11.e4 O-O 12.Qe2 a6 13.Kh1 c5 14.f4 Nc6 15.Nxc6 
Bxc6 16.g4 Rad8 17.d3 Nd7 18.g5 e5 19.fxe5 Bb7 20.Qg4 Qg6 21.h4 h6 22.Rf5 
hxg5 23.hxg5 Bc8 24.Raf1 Nb6 25.Qg3 Bxf5 26.exf5 Qh5+ 27.Kg1 Bxg5 28.e6 
fxe6 29.f6 Nd5 30.Bf3 Qh4 31.Qxh4 Bxh4 32.fxg7 Rf7 33.Nc2 Nf6 34.d4 Rxg7+ 
35.Kh2 Bg3+ 36.Kh3 Bf4 37.d5 e5 38.Ne1 Kf7 39.Ng2 Rh8+ 40.Nh4 Rg3+ 0-1

[Event "28. Friedensfest-Open (AFRO-A)"]
[Site "Augsburg"]
[Date "2023.08.06"]
[Round "7.18"]
[White "Hoeller, Armin"]
[Black "Bangerter, Daria"]
[Result "1-0"]
[WhiteElo "1985"]
[BlackElo "1802"]
[EventDate "2023.08.03"]
[Time "09:30:00"]
[WhiteTeam "SK Weilheim e.V."]
[BlackTeam "Zuerich Reti ASK"]

1.c4 c5 2.g3 g6 3.Bg2 Bg7 4.Nc3 Nc6 5.Nf3 d6 6.a3 a5 7.d3 Nf6 8.Bd2 O-O 9.
O-O Nd7 10.Rb1 Nb6 11.b3 e6 12.e4 d5 13.exd5 exd5 14.Bg5 Qd7 15.Nb5 Na7 
16.Nxa7 Rxa7 17.Re1 f6 18.Bd2 Qd6 19.d4 dxc4 20.dxc5 Qxc5 21.Be3 Qc7 22.
bxc4 Ra6 23.Bf4 Qd7 24.Bd6 Re8 25.Qd3 Na4 26.Rxe8+ Qxe8 27.Re1 Qd7 28.Qd5+
Kh8 29.Re7 Rxd6 30.Rxd7 Rxd7 31.Qxa5 Nb2 32.h4 Nxc4 33.Qc5 Nd6 34.Nd4 Rd8 
35.Qc7 Rd7 36.Qb8 Bf8 37.Nb5 Rd8 38.Nxd6 Bxd6 39.Qa8 Be7 40.a4 Kg8 41.Bxb7
1-0

[Event "28. Friedensfest-Open (AFRO-A)"]
[Site "Augsburg"]
[Date "2023.08.06"]
[Round "7.22"]
[White "Notz, Lukas"]
[Black "Sensoy, Emir"]
[Result "1-0"]
[WhiteElo "1936"]
[BlackElo "1416"]
[EventDate "2023.08.03"]
[Time "09:30:00"]
[WhiteTeam "SV Dettingen Erms"]
[BlackTeam "MSA Zugzwang 82 e.V."]

1.c4 c5 2.g3 g6 3.Bg2 Bg7 4.Nc3 e6 5.d3 Ne7 6.Bg5 O-O 7.Qc1 Nbc6 8.Nf3 f6 
9.Bh6 d5 10.h4 Bxh6 11.Qxh6 Nf5 12.Qc1 dxc4 13.dxc4 Kf7 14.O-O a6 15.Rd1 
Qc7 16.g4 Nfd4 17.Nxd4 Nxd4 18.Qh6 Kg8 19.e3 Nc6 20.Ne4 Ne5 21.Qf4 f5 22.
gxf5 Rxf5 23.Qg3 Bd7 24.Rd6 Nxc4 25.Rd3 Qxg3 26.Nxg3 Rf7 27.Rc3 Nxb2 28.
Rxc5 Rxf2 29.Rc7 Rd2 30.Bxb7 Rd8 31.Ne4 Bb5 32.Nxd2 Rxd2 33.Re7 Nd1 34.Rc1
Rd8 35.Rcc7 Nxe3 36.Rg7+ Kf8 37.Rxh7 Rd1+ 38.Kf2 Ng4+ 39.Kg3 Rg1+ 40.Bg2 
Kg8 41.Rcg7+ Kf8 42.Ra7 Kg8 43.Rhc7 Nf6 44.Kf2 Rd1 45.Rc8+ Ne8 46.Bc6 Rd2+
47.Kg3 Rd3+ 48.Kf4 Rd4+ 49.Kg5 Bxc6 50.Rxc6 Rd5+ 51.Kxg6 Rd2 52.Rc8 Rg2+ 
53.Kh6 Kf8 54.Raa8 Rxa2 55.Rxe8+ Kf7 56.Rg8 Ra4 57.h5 Ra1 58.Rg7+ Kf6 59.
Rg6+ Kf7 60.Ra7+ Kf8 61.Kh7 1-0

[Event "28. Friedensfest-Open (AFRO-A)"]
[Site "Augsburg"]
[Date "2023.08.05"]
[Round "5.19"]
[White "Hoeller, Armin"]
[Black "Glaab, Nikolai"]
[Result "1-0"]
[WhiteElo "1985"]
[BlackElo "1793"]
[EventDate "2023.08.03"]
[Time "09:30:00"]
[WhiteTeam "SK Weilheim e.V."]
[BlackTeam "SK Koenigsbrunn"]

1.c4 c5 2.g3 g6 3.Bg2 Bg7 4.Nc3 Nc6 5.a3 a5 6.Nf3 e5 7.d3 d6 8.O-O Nge7 9.
Bd2 O-O 10.Rb1 Be6 11.Ng5 Bc8 12.Nb5 f5 13.f4 h6 14.Nh3 Be6 15.Qc2 Qd7 16.
Nf2 b6 17.e4 Rac8 18.Nd1 Nd4 19.Nxd4 cxd4 20.fxe5 dxe5 21.Nf2 f4 22.b4 Nc6
23.bxa5 bxa5 24.Rb5 fxg3 25.hxg3 Qe7 26.a4 Nb4 27.Bxb4 axb4 28.Qd2 Rb8 29.
Rb1 Bd7 30.R5xb4 Rxb4 31.Rxb4 Ra8 32.Rb7 Qd6 33.a5 Bc6 34.Rb6 Qc5 35.Kh2 
Rxa5 36.Rxc6 Qxc6 37.Qxa5 h5 38.Qd5+ 1-0

[Event "28. Friedensfest-Open (AFRO-A)"]
[Site "Augsburg"]
[Date "2023.08.03"]
[Round "2.4"]
[White "Weichlein, Paul"]
[Black "Player, Edmund"]
[Result "0-1"]
[WhiteElo "2021"]
[BlackElo "2204"]
[EventDate "2023.08.03"]
[Time "15:30:00"]
[WhiteTeam "SAbt TSV Haunstetten"]
[BlackTeam "FC Bayern Muenchen e.V."]

1.c4 c5 2.Nc3 Nc6 3.d3 g6 4.e4 Bg7 5.Be3 Nd4 6.Nf3 d6 7.Be2 e6 8.Qd2 Ne7 
9.Bd1 a6 10.Bh6 Bxh6 11.Qxh6 Nxf3+ 12.Bxf3 Nc6 13.Qg7 Ke7 14.Qh6 Nd4 15.
O-O-O Qf8 16.Qh4+ f6 17.Rhe1 Kf7 18.e5 fxe5 19.Ne4 Qe7 20.Ng5+ Kg7 21.Bg4 
Qf6 22.Nf3 Qxh4 23.Nxh4 Bd7 24.Nf3 Nxf3 25.Bxf3 Rab8 26.h4 h5 27.Re3 Rhf8 
28.Rd2 b5 29.Be4 Rf4 30.g3 Rff8 31.g4 hxg4 32.Rg3 Rf4 33.f3 Rh8 34.Rh2 
gxf3 35.Rxg6+ Kf7 36.Rg1 f2 37.Rf1 bxc4 38.h5 cxd3 39.Rfxf2 Rh6 40.Bxd3 
Ke7 41.Rfg2 Bb5 42.Rg7+ Rf7 43.Rxf7+ Kxf7 44.Bc2 Be8 45.Bd1 Kf6 46.Kd2 Kg5
47.Rg2+ Kf4 48.Rg4+ Kf5 49.Rh4 d5 50.Kc3 Bb5 51.a4 d4+ 52.Kd2 Bc6 53.a5 e4
54.Be2 e3+ 55.Ke1 Bb7 56.b4 e5 57.bxc5 e4 58.Rh3 Bd5 59.Bd1 Kf4 60.Rh4+ 
Ke5 61.Rh3 Bc4 62.Rg3 e2 63.Bxe2 Bxe2 64.Kxe2 Rxh5 65.Rg6 Rh2+ 66.Kd1 d3 
67.Rd6 Rc2 68.Rxa6 e3 69.Ra8 e2+ 70.Ke1 Rc1+ 0-1

[Event "28. Friedensfest-Open (AFRO-A)"]
[Site "Augsburg"]
[Date "2023.08.04"]
[Round "3.25"]
[White "Pikal, Alexander, Dr."]
[Black "Glaab, Nikolai"]
[Result "0-1"]
[WhiteElo "1952"]
[BlackElo "1793"]
[EventDate "2023.08.03"]
[Time "09:30:00"]
[WhiteTeam "SC Ansbach 1855 e.V."]
[BlackTeam "SK Koenigsbrunn"]

1.c4 c5 2.Nf3 Nc6 3.g3 g6 4.Bg2 Bg7 5.O-O e5 6.d3 d6 7.Nc3 Nge7 8.Bg5 f6 
9.Bd2 O-O 10.Qc1 Be6 11.Bh6 Rc8 12.Bxg7 Kxg7 13.Qd2 d5 14.cxd5 Nxd5 15.Ne4
b6 16.Rac1 Qd7 17.Rfd1 Rfd8 18.Bh1 Nde7 19.Nc3 Nd4 20.b3 Nec6 21.Qb2 Nxf3+
22.Bxf3 Nd4 23.Be4 Qe7 24.Re1 f5 25.Bg2 Qf6 26.Rcd1 h6 27.Rd2 Nc6 28.Rf1 
Nb4 29.Nb5 Rd7 30.Rfd1 Bd5 31.Nc3 Bxg2 32.Kxg2 Rcd8 33.a3 Nd5 34.e4 Nxc3 
35.Qxc3 Rd4 36.f3 Qd6 37.a4 a6 38.Qa1 Kf6 39.h4 b5 40.axb5 axb5 41.Ra2 Qe6
42.Qc3 c4 43.bxc4 bxc4 44.f4 fxe4 45.fxe5+ Kg7 46.Ra7+ Kg8 47.Qa5 exd3 48.
Kh2 R4d5 49.Qd2 Rxe5 50.Qxh6 Re2+ 51.Kg1 Qb6+ 52.Kh1 Qc6+ 0-1

[Event "28. Friedensfest-Open (AFRO-A)"]
[Site "Augsburg"]
[Date "2023.08.04"]
[Round "3.31"]
[White "Schoenwetter, Martin"]
[Black "Kelemen, Alexander"]
[Result "1/2-1/2"]
[WhiteElo "1737"]
[BlackElo "1822"]
[EventDate "2023.08.03"]
[Time "09:30:00"]
[WhiteTeam "Schachges. Augsburg 1873"]
[BlackTeam "SC Bad Salzdetfurth"]

1.c4 e5 2.Nc3 Bb4 3.g3 Nf6 4.Bg2 O-O 5.Nf3 Bxc3 6.bxc3 d6 7.O-O c6 8.d3 h6
9.h3 Be6 10.a4 Nbd7 11.Ba3 Qc7 12.Qc2 Rfe8 13.Nd2 Rac8 14.Rfc1 d5 15.cxd5 
cxd5 16.Qb2 Qb8 17.Rab1 b6 18.Qb4 e4 19.dxe4 dxe4 20.Qd4 Nc5 21.Bxc5 Rxc5 
22.Qxc5 bxc5 23.Rxb8 Rxb8 24.Nxe4 Nxe4 25.Bxe4 Bxh3 26.Rd1 Be6 27.Kg2 Kf8 
28.Kf3 Ke7 29.Bd5 Rb6 30.Ke3 Ra6 31.Bxe6 Kxe6 32.Ra1 Kd5 33.Kd3 c4+ 34.Ke3
Re6+ 35.Kf3 1/2-1/2

[Event "28. Friedensfest-Open (AFRO-A)"]
[Site "Augsburg"]
[Date "2023.08.03"]
[Round "2.6"]
[White "Soergel, Thomas"]
[Black "Zill, Christoph"]
[Result "1/2-1/2"]
[WhiteElo "2019"]
[BlackElo "2183"]
[EventDate "2023.08.03"]
[Time "15:30:00"]
[WhiteTeam "SK Graefelfing"]
[BlackTeam "SK Freising"]

1.c4 e5 2.Nc3 Bb4 3.Nd5 Nc6 4.a3 Bd6 5.g3 Nf6 6.Bg2 O-O 7.e3 Nxd5 8.cxd5 
Ne7 9.Ne2 c6 10.dxc6 dxc6 11.O-O Qb6 12.Nc3 Be6 13.b4 a5 14.Ne4 Rfd8 15.
Nxd6 Rxd6 16.Bb2 f6 17.Bc3 axb4 18.axb4 Rxa1 19.Qxa1 Bd5 20.e4 Bc4 21.Rc1 
Bd3 22.Qa2+ Kf8 23.Ra1 Qa6 24.Qxa6 Bxa6 25.f3 Kf7 26.Kf2 Nc8 27.f4 Nb6 28.
Rd1 exf4 29.gxf4 Bd3 30.e5 fxe5 31.fxe5 Rh6 32.Re1 Ke6 33.Re3 Bf5 34.Kg1 
Rh4 35.Rg3 g6 36.b5 Nd5 37.bxc6 bxc6 38.Bxd5+ Kxd5 39.Re3 c5 40.Kg2 Rf4 
41.Kg3 Rg4+ 42.Kf2 h5 43.Rg3 Rh4 44.Kg1 Rf4 45.h3 h4 46.Re3 Ke6 47.Ba5 Ra4
48.Bb6 Rc4 49.Kg2 Rc2 50.Ba5 c4 51.Re1 Ra2 52.Bc3 Ra7 53.Ra1 Be4+ 54.Kg1 
Rxa1+ 55.Bxa1 Bf5 56.Kg2 Kd5 57.Bc3 Be6 58.Kh2 Ke4 59.Kg2 Bd5 60.Kh2 Kf3 
61.Bb4 Ke2 62.Bc3 1/2-1/2

[Event "28. Friedensfest-Open (AFRO-A)"]
[Site "Augsburg"]
[Date "2023.08.03"]
[Round "1.37"]
[White "Wang, Simon"]
[Black "Merz, Andreas"]
[Result "1/2-1/2"]
[WhiteElo "1517"]
[BlackElo "1770"]
[EventDate "2023.08.03"]
[Time "09:30:00"]
[WhiteTeam "SF Dachau 1932 e.V."]
[BlackTeam "SC 74 Treuchtlingen"]

1.c4 e5 2.Nc3 Nf6 3.g3 d5 4.cxd5 Nxd5 5.Bg2 Be6 6.Nf3 Nc6 7.d3 Qd7 8.Ng5 
Nxc3 9.bxc3 Be7 10.Nxe6 Qxe6 11.O-O O-O 12.Qb3 Qxb3 13.axb3 Bc5 14.b4 Bb6 
15.b5 Nd8 16.Ba3 Re8 17.c4 c6 18.Bd6 Bd4 19.Ra2 cxb5 20.cxb5 Re6 21.Bc7 
Re7 22.b6 a5 23.e3 Bc5 24.Rc1 Bb4 25.Rc4 Rc8 26.Bh3 Ne6 27.Rac2 f6 28.d4 
Rce8 29.Bxe6+ Rxe6 30.d5 R6e7 31.Rc1 Rd7 32.Rd1 Kf7 1/2-1/2

[Event "28. Friedensfest-Open (AFRO-A)"]
[Site "Augsburg"]
[Date "2023.08.04"]
[Round "3.10"]
[White "Kraemer, Max"]
[Black "Altok, Mesut"]
[Result "1-0"]
[WhiteElo "2044"]
[BlackElo "1904"]
[EventDate "2023.08.03"]
[Time "09:30:00"]
[WhiteTeam "SK Caissa Augsburg"]
[BlackTeam "Satranç Club 2000 e. V."]

1.c4 e5 2.Nc3 Nf6 3.g3 c6 4.Bg2 Bc5 5.e3 Qe7 6.a3 a5 7.b3 h5 8.h4 Na6 9.
Nf3 d6 10.Qc2 d5 11.cxd5 cxd5 12.Ng5 Nc7 13.O-O Ra6 14.Bb2 Rc6 15.d4 exd4 
16.exd4 Bxd4 17.Qd3 Bxc3 18.Bxc3 b6 19.Rfe1 Be6 20.b4 axb4 21.axb4 Kd8 22.
Nf3 b5 23.Ne5 Rd6 24.Bd4 Qe8 25.Bc5 Ra6 26.Rxa6 Nxa6 27.Bb6+ Ke7 28.Qa3 
1-0

[Event "28. Friedensfest-Open (AFRO-A)"]
[Site "Augsburg"]
[Date "2023.08.05"]
[Round "6.24"]
[White "Holzmayr, Norbert"]
[Black "Jussim, Maxim"]
[Result "1/2-1/2"]
[WhiteElo "1820"]
[BlackElo "2098"]
[EventDate "2023.08.03"]
[Time "15:30:00"]
[WhiteTeam "SV Ilmmuenster"]
[BlackTeam "Schachfreunde Augsburg"]

1.c4 e6 2.Nc3 d5 3.d4 Nf6 4.Nf3 Be7 5.cxd5 exd5 6.Qc2 c6 7.h3 Nbd7 8.Bf4 
Nf8 9.e3 Ng6 10.Bg5 Nh5 11.Bxe7 Qxe7 12.Be2 Nf6 13.Nd2 Nh4 14.g3 Nf5 15.
O-O-O Nd6 16.Bd3 O-O 17.g4 g6 18.Rde1 b5 19.f3 Nc4 20.e4 1/2-1/2

[Event "28. Friedensfest-Open (AFRO-A)"]
[Site "Augsburg"]
[Date "2023.08.05"]
[Round "6.20"]
[White "Sensoy, Emir"]
[Black "Kuhn, Hubert"]
[Result "1/2-1/2"]
[WhiteElo "1416"]
[BlackElo "1989"]
[EventDate "2023.08.03"]
[Time "15:30:00"]
[WhiteTeam "MSA Zugzwang 82 e.V."]
[BlackTeam "MSA Zugzwang 82 e.V."]

1.c4 e6 2.g3 d5 3.cxd5 exd5 4.Bg2 Nf6 5.d4 c6 6.Nc3 Bd6 7.e3 O-O 8.Nge2 
Re8 9.O-O Bf5 10.Bd2 h5 11.Nc1 h4 12.Nb3 Nbd7 13.Na4 Qe7 14.Rc1 Be4 15.
Nac5 Bxg2 16.Kxg2 b6 17.Nxd7 Qxd7 18.Qf3 Re6 19.Bc3 Ne4 20.Qg4 f5 21.Qxf5 
Rf8 22.Qg4 Qf7 23.f3 Rg6 24.Qxh4 Be7 25.Qf4 Qe6 26.Qe5 Nd6 27.Qxe6+ Rxe6 
28.Rce1 Bf6 29.Nd2 Rfe8 30.Kf2 Nf5 1/2-1/2

[Event "28. Friedensfest-Open (AFRO-A)"]
[Site "Augsburg"]
[Date "2023.08.04"]
[Round "3.4"]
[White "Vuckovic, Robert"]
[Black "Reis, Thomas"]
[Result "0-1"]
[WhiteElo "1906"]
[BlackElo "2196"]
[EventDate "2023.08.03"]
[Time "09:30:00"]
[WhiteTeam "Schachfreunde Augsburg"]
[BlackTeam "SK Kriegshaber"]

1.c4 e6 2.Nf3 d5 3.e3 Nf6 4.b3 Be7 5.Bb2 O-O 6.Nc3 b6 7.cxd5 exd5 8.d4 Bb7
9.Bd3 Nbd7 10.Qc2 Re8 11.g4 Ne4 12.Nd2 Bb4 13.Ncxe4 dxe4 14.Bc4 Nf6 15.Rg1
Nd5 16.g5 a6 17.h4 b5 18.Be2 Qe7 19.a3 Bd6 20.h5 Nb6 21.Nf1 Bd5 22.Ng3 Qe6
23.Bd1 a5 24.g6 fxg6 25.hxg6 h6 26.Nh5 a4 27.Bg4 Qe7 28.b4 Bb3 29.Qd2 Nd5 
30.Ng3 Bxg3 31.Rxg3 Ra6 32.Be2 Qd7 33.Rc1 Rf6 34.Rc5 c6 35.Bg4 Qd6 36.Bh5 
Ref8 37.Rg2 Qd7 38.Bg4 Qe8 39.Bh5 Rf5 40.Qe2 Bc4 41.Qg4 Qe6 42.Qh3 Qd6 43.
Qh2 Rxh5 44.Qxh5 Nxe3 45.Qh3 Nxg2+ 46.Qxg2 Bd5 47.Qg1 Re8 48.Rc3 Re6 49.
Rg3 Kf8 50.Bc3 Ke8 51.Qh2 Kd7 52.Qh3 Kc7 53.Kf1 Qf4 54.Be1 Rf6 55.Rg4 Be6 
56.Qc3 Qxg4 0-1

[Event "28. Friedensfest-Open (AFRO-A)"]
[Site "Augsburg"]
[Date "2023.08.04"]
[Round "3.39"]
[White "Wang, Simon"]
[Black "Kuehn, Marvin"]
[Result "1/2-1/2"]
[WhiteElo "1517"]
[BlackElo "1669"]
[EventDate "2023.08.03"]
[Time "09:30:00"]
[WhiteTeam "SF Dachau 1932 e.V."]
[BlackTeam "SK Graefelfing"]

1.c4 g6 2.g3 Bg7 3.Bg2 Nf6 4.Nf3 O-O 5.O-O Nc6 6.Nc3 d6 7.d3 a6 8.Rb1 Ng4 
9.h3 Nge5 10.Nxe5 Nxe5 11.Bd2 Rb8 12.a4 b6 13.b4 Bb7 14.b5 Bxg2 15.Kxg2 a5
16.Qb3 Nd7 17.Rfc1 e5 18.Nd5 Kh8 19.Bc3 Nc5 20.Qc2 f5 21.f4 g5 22.e3 e4 
23.Bxg7+ Kxg7 24.d4 Nd3 25.Rg1 h5 26.fxg5 Qxg5 27.Nf4 Nxf4+ 28.exf4 Qe7 
29.Rbe1 Rbd8 30.d5 Rde8 31.Qc3+ Qf6 32.Qxf6+ Kxf6 33.Re3 Rg8 34.h4 Rg4 35.
Kf2 Reg8 36.Rc3 Ke7 37.Re3 Kd7 38.Rg2 Re8 39.Rg1 Re7 40.Rg2 Re8 41.Rg1 Kc8
42.Rg2 1/2-1/2

[Event "28. Friedensfest-Open (AFRO-A)"]
[Site "Augsburg"]
[Date "2023.08.05"]
[Round "5.13"]
[White "Notz, Lukas"]
[Black "Foerch, Benedikt"]
[Result "0-1"]
[WhiteElo "1936"]
[BlackElo "2122"]
[EventDate "2023.08.03"]
[Time "09:30:00"]
[WhiteTeam "SV Dettingen Erms"]
[BlackTeam "SK Neuburg"]

1.c4 g6 2.g3 Bg7 3.Bg2 c5 4.Nc3 Nc6 5.Nf3 e6 6.d3 Nge7 7.Bg5 d5 8.Qc1 h6 
9.Bd2 b6 10.a3 Bb7 11.Rb1 dxc4 12.dxc4 Ne5 13.O-O Nxf3+ 14.exf3 Nf5 15.Rd1
Qe7 16.Be3 O-O 17.f4 Bxg2 18.Kxg2 Qb7+ 19.Kg1 Rfd8 20.Qc2 Bxc3 21.Qxc3 h5 
22.Qf6 Rxd1+ 23.Rxd1 h4 24.Rd8+ Rxd8 25.Qxd8+ Kg7 26.gxh4 Qf3 27.Bd2 Nd4 
28.Bc3 Qg4+ 29.Kf1 Qxf4 30.Qd7 Qe4 31.Kg1 e5 32.Qd5 Ne2+ 33.Kf1 Nxc3 34.
bxc3 Qxd5 35.cxd5 c4 36.Kg2 f5 37.Kg3 Kf6 38.h5 gxh5 39.Kh4 b5 40.Kxh5 a5 
41.h4 b4 42.axb4 axb4 0-1

[Event "28. Friedensfest-Open (AFRO-A)"]
[Site "Augsburg"]
[Date "2023.08.05"]
[Round "6.19"]
[White "Soergel, Thomas"]
[Black "Wezel, Sebastian"]
[Result "1-0"]
[WhiteElo "2019"]
[BlackElo "1828"]
[EventDate "2023.08.03"]
[Time "15:30:00"]
[WhiteTeam "SK Graefelfing"]
[BlackTeam "SV Dettingen Erms"]

1.c4 g6 2.Nc3 Bg7 3.d4 Nf6 4.Nf3 O-O 5.g3 d6 6.Bg2 a6 7.O-O Nc6 8.b3 Rb8 
9.Bb2 b5 10.cxb5 axb5 11.d5 Na5 12.Qd2 b4 13.Nd1 c6 14.dxc6 Nxc6 15.Ne1 d5
16.f3 Qb6+ 17.Kh1 Ba6 18.Nd3 d4 19.f4 Rfd8 20.N1f2 Nd5 21.Bxd5 Rxd5 22.
Rfc1 Nd8 23.Kg1 Ne6 24.Rc2 Rdd8 25.Rac1 Rdc8 26.Rxc8+ Bxc8 27.Nxb4 Bb7 28.
Nbd3 Qb5 29.Ne1 Qd5 30.Qd3 g5 31.f5 Nd8 32.g4 Nc6 33.Qc4 Qd6 34.Nfd3 Ne5 
35.Qc5 Nxg4 36.Qxd6 exd6 37.Nc2 Re8 38.Re1 Ne3 39.Nxe3 Rxe3 40.Bc1 Re4 41.
Nf2 Re5 42.Bxg5 Rxf5 43.Bh4 Bh6 44.Ng4 Bg5 45.Bg3 h5 46.h4 Bf4 47.Rf1 hxg4
48.Rxf4 Rxf4 49.Bxf4 Ba6 50.Kf2 d5 51.a4 d3 52.exd3 Bxd3 53.b4 Kg7 54.h5 
Kf6 55.h6 Kg6 56.b5 f5 57.Ke3 Be4 58.Kd4 g3 59.Bxg3 Kxh6 60.Kc5 Kg5 61.Bf2
1-0